Hermano hombre / (Registro nro. 30656)
[ vista simple ]
| 000 -LEADER | |
|---|---|
| fixed length control field | 00385nam a22001337a 4500 |
| 008 - FIXED-LENGTH DATA ELEMENTS--GENERAL INFORMATION | |
| fixed length control field | 240220b |||||||| |||| 00| 0 eng d |
| 020 ## - INTERNATIONAL STANDARD BOOK NUMBER | |
| International Standard Book Number | 9789589019115 |
| 082 ## - DEWEY DECIMAL CLASSIFICATION NUMBER | |
| Classification number | A-N |
| Item number | SOTH1 |
| 100 ## - MAIN ENTRY--PERSONAL NAME | |
| Personal name | Soto Aparicio, Fernando |
| Relator term | autor |
| 9 (RLIN) | 42584 |
| 245 ## - TITLE STATEMENT | |
| Title | Hermano hombre / |
| Statement of responsibility, etc. | Fernando Soto Aparicio |
| 260 ## - PUBLICATION, DISTRIBUTION, ETC. | |
| Field link and sequence number | Bogotá: |
| Place of publication, distribution, etc. | Editorial Atenea, |
| Name of publisher, distributor, etc. | 2013 |
| 300 ## - PHYSICAL DESCRIPTION | |
| Extent | 381 páginas; |
| Dimensions | 21 cm. |
| 942 ## - ADDED ENTRY ELEMENTS (KOHA) | |
| Source of classification or shelving scheme | Dewey Decimal Classification |
| Withdrawn status | Lost status | Source of classification or shelving scheme | Damaged status | Not for loan | Home library | Current library | Date acquired | Total Checkouts | Full call number | Barcode | Date last seen | Copy number | Price effective from | Koha item type | Public note |
|---|---|---|---|---|---|---|---|---|---|---|---|---|---|---|---|
| Dewey Decimal Classification | Biblored | Biblioteca Pública José María del Castillo y Rada | 02/16/2024 | A-N SOTH1 | 00000014135745 | Ej. 1 | 02/20/2024 | Books | Material interbibliotecario Bibliored |